| 000 | 00835nam a2200289 a 4500 | ||
|---|---|---|---|
| 001 | vtls001528459 | ||
| 003 | NLI | ||
| 005 | 20210627144829.0 | ||
| 008 | 121212s1953 nyu 001 0 eng | ||
| 039 | 9 |
_y201212121617 _zVLOAD |
|
| 040 | 0 |
_aNLI _beng _cXData_1 _eAACR2 |
|
| 041 | 0 | _aeng | |
| 044 | _anyu | ||
| 082 | _a1481525 | ||
| 100 | 1 |
_aSchuman, Frederick L. _9757995 |
|
| 245 | 1 | 0 |
_aInternational politics : _bthe wesetern state system in mid-century / _c[By] Frederick L. Schuman |
| 250 | _a5th ed. | ||
| 260 |
_aNew York : _bMcGraw-Hill Book, _c1953 |
||
| 300 |
_axvii, 577 p. ; _c22 cm. |
||
| 500 | _aIncludes index | ||
| 650 | 0 | _aPolitical science | |
| 887 | _a | ||
| 901 |
_aIMP297553 _b09.02.1954 |
||
| 902 | _a148 B 1525 | ||
| 949 |
_AVIRTUAITEM _D10000 _X100 _6IMP000297553ENG |
||
| 942 |
_2ddc _cBKS |
||
| 999 |
_aVIRTUA40 _c977944 _d977944 |
||